00520 2200169 4500245013800000020002200138250001100160100001500171650001700186650001000203005001900213260006500232041001400297084001200311300001800323336000900341 aBAHAN AJAR PENGAYAAN BAHASA INDONESIAb : PREDIKSI DAN PEMBAHASAN SOAL UJIAN NASIONAL UNTUK SEKOLAH MENENGAH ATAScIin AndinihText a978-602-437-363-4 aCet. 1 aIin Andini aLatihan Soal aEbook a20241105100250 aJakarta TimurbBadan Pengembangan dan Pembinaan Bahasac2016 aIndonesia a499.210 av :c103 hlm. atext